Statistics for Best Soccer Teams in The World

Click here to take the quiz!

General Stats

  • This quiz has been taken 247 times
    (223 since last reset)
  • The average score is 11 of 15

Answer Stats

HintAnswer% Correct
1Barcelona
98%
2Real Madrid
97%
4Manchester City
93%
8Liverpool
90%
3Bayern Munich
85%
5PSG
85%
9Chelsea
83%
13Juventus
78%
15Ac Milan
72%
12Inter Milan
66%
6Atletico Madrid
63%
7Tottenham Hotspurs
63%
14Dortmund
62%
10Roma
47%
11As Monaco
28%

Score Distribution

Percentile by Number Answered

Percent of People with Each Score

Your Score History

You have not taken this quiz since the last reset